=LDR 00000nam 2200000 4500 =001 INLIS000000000049494 =005 20210308091008 =035 ##$$a 0010-021700000000286 =008 210308###########################0###### =020 ##$$a 979-28-0666-3 =040 ##$$a NBPDMAT =082 ##$$a 910.959 865 =090 ##$$a 910.959 865 Pur p =100 ##$$a Purwati , m =245 1#$$a Pesona Wisata Nusa Tenggara Barat /$c M .Purwati =260 ##$$a Klaten :$b Intan Pariwara,$c 2010 =300 ##$$a 60 hlm . : $b ilus , ; $c 21 cm =500 ##$$a Bibliografi : hlm .59 =650 #4$$a Wisata - nusa tenggara barat =990 ##$$a 21604910 =990 ##$$a 21604911 =990 ##$$a 21604912 =990 ##$$a 21604913 =990 ##$$a 21604914 =990 ##$$a 21604912 =990 ##$$a 21604910 =990 ##$$a 21604911 =990 ##$$a 21604913 =990 ##$$a 21604914 =990 ##$$a 21604911 =990 ##$$a 21604910 =990 ##$$a 21604912 =990 ##$$a 21604913 =990 ##$$a 21604914 =990 ##$$a 21604910 =990 ##$$a 21604911 =990 ##$$a 21604912 =990 ##$$a 21604913 =990 ##$$a 21604914 =990 ##$$a 21604914 =990 ##$$a 21604910 =990 ##$$a 21604911 =990 ##$$a 21604912 =990 ##$$a 21604913 =990 ##$$a 21604913 =990 ##$$a 21604910 =990 ##$$a 21604911 =990 ##$$a 21604912 =990 ##$$a 21604914